| 000 | 01006nam a22001937a 4500 | ||
|---|---|---|---|
| 999 |
_c63613 _d63613 |
||
| 003 | Ge_BSU | ||
| 005 | 20251114205037.0 | ||
| 008 | 251114s1968 ge ||||| |||| 00| 0 geo d | ||
| 041 | _ageo | ||
| 080 | _a331.101.23 ა-27 | ||
| 100 |
_aადეიშვილი, გიორგი _9689 |
||
| 245 |
_aშრომის საზოგადოებრივი დანაწილებისა და ცვალებადობის არსი / _cგიორგი ადეიშვილ; რედ. ნ. გონაშვილი. |
||
| 264 |
_aთბილისი : _b საბჭ. საქართველო, _c1968. |
||
| 300 |
_a83 გვ. : _bცხრილ. ; _c20 სმ. |
||
| 653 | _aშრომის საზოგადოებრივი დანაწილება. | ||
| 653 | _aშრომის ცვალებადობა. | ||
| 700 |
_aგონაშვილი, ნ. _eრედაქტორი _91567 |
||
| 942 |
_2udc _cᲬᲘᲒᲜᲘ |
||